Villes d'Île-de-France - Click Quiz - Statistiques

Statistiques générales
  • Ce quiz a été pris 486 fois
  • Le résultat moyen est 14 sur 20
Statistiques - réponses
Hint Réponse % Correct
Colombes Hauts-de-Seine
80%
Levallois-Perret Hauts-de-Seine
80%
Aubervilliers Seine-Saint-Denis
80%
Montreuil Seine-Saint-Denis
78%
Pantin Seine-Saint-Denis
74%
Massy Essonne
72%
Suresnes Hauts-de-Seine
72%
Meaux Seine-et-Marne
72%
Mantes-la-Jolie Yvelines
72%
Villejuif Val-de-Marne
71%
Vitry-sur-Seine Val-de-Marne
70%
Argenteuil Val d'Oise
67%
Savigny-sur-Orge Essonne
66%
Fontainebleau Seine-et-Marne
66%
Saint-Maur-des-Fossés Val-de-Marne
66%
Trappes Yvelines
66%
Garges-lès-Gonesse Val d'Oise
62%
Chelles Seine-et-Marne
60%
Viry-Chatillon Essonne
52%
Roissy-en-France Val d'Oise
45%
Aucun quiz correspondant
Distribution des résultats
% des personnes avec chaque résultat
Percentile par nombre de réponses
Votre historique - résultats
Vous n’avez pas pris ce quiz